7. Dni výmeny skúseností psychológov z hospodárskej praxe

Saved in:
Bibliographic Details
Format: Book
Language:Slovak
Published: Bratislava Dom techn. ČSVTS 1987
Edition:1. vyd.
Tags: Add Tag
No Tags, Be the first to tag this record!

MARC

LEADER 00000nam a2200000 4500
001 c038576
005 20221219094216.0
041 0 |a slo 
044 |a SK 
245 1 0 |a 7. Dni výmeny skúseností psychológov z hospodárskej praxe 
250 |a 1. vyd. 
264 1 |a Bratislava  |b Dom techn. ČSVTS  |c 1987 
300 |a 137 s.